LEADER 01213nam a2200289 i 4500 001 000000034803 003 CaOOAMICUS 005 20110808000000.0 008 110808s1989 it u000 u ita u 013 $a1916 020 $a88-343-0437-3 040 $aSeMil$bita 100 1 $aLangella, Giuseppe,$d<1952- >.$0(OLS)http://semarc/name/8001 245 10$aDa Firenze all'Europa :$bstudi sul Novecento letterario /$cGiuseppe Langella. 260 $aMilano :$bVita e Pensiero,$c1989. 300 $aIX, 308 p. ;$c22 cm. 490 0 $aScienze filologiche e letteratura ;$v38 500 $aFondo Card. C.M. Martini. 650 4$aLetteratura italiana - Storia - Sec. 20.$0(OLS)http://semarc/subject/996 830 0$aScienze filologiche e letteratura ;$v38.$0(OLS)http://semarc/title/10462 850 $aSeMil 852 $aSeMil$W1$xVenegono$y1$m1O VI 272$j239738$B958$CSeMilBibl$Z2$F958 $81 941 1 $a4 961 $aOmaggio: Martini Card. Carlo Maria 996 $6020$a88-343-0437-3$9(OLS)http://semarc/number/2715 996 $6245$aDa Firenze all'Europa :$bstudi sul Novecento letterario$9(OLS)http://semarc/title/47267 996 $6260$aMilano :$bVita e Pensiero$9(OLS)http://semarc/publisher/29642 LEADER 01540nam a2200313 i 4500 001 000000198654 003 CaOOAMICUS 005 20110308000000.0 008 110308s1993 gw u000 u ger u 013 $a177344 020 $a3-525-51122-1 020 $a3-525-51153-X 040 $aSeMil$bita 245 14$aDas dritte Buch Mose ; Leviticus /$cübersetzt und erklärt von Erhard S. Gerstenberger. 250 $a6., völlig neubearb. Aufl. 260 $aGöttingen :$bVandenhoeck & Ruprecht,$c1993. 300 $aVIII, 411 p. ;$c25 cm. 490 0 $aDas Alte Testament Deutsch : neues Göttinger Bibelwek ;$v6. 600 04$aMosè .$0(OLS)http://semarc/subject/4772 650 4$aBibbia. Antico Testamento. Levitico - Commentari, studi, critica, interpretazioni.$0(OLS)http://semarc/subject/2771 700 1 $aGerstenberger, Erhard S.,$d<1932- >.$0(OLS)http://semarc/name/23986 773 0 $tBuch der zwölf kleinen Propheten.$dGöttingen : Vandenhoeck & Ruprecht, 1958-1959.$kAlte Testament Deutsch$g2$w()1194 830 4$aDas Alte Testament Deutsch ;$v6.$0(OLS)http://semarc/title/16978 850 $aSeMil 852 $aSeMil$W1$xVenegono$y1$m2V V 126$j149210$B149210$CSeMilBibl$Z2$F164930 $81 996 $6020$a3-525-51122-1$9(OLS)http://semarc/number/190913 996 $6020$a3-525-51153-X$9(OLS)http://semarc/number/190914 996 $6245$aDas dritte Buch Mose ; Leviticus$9(OLS)http://semarc/title/287112 996 $6260$aGöttingen :$bVandenhoeck & Ruprecht$9(OLS)http://semarc/publisher/29697